Starbursts (Record no. 12953)

MARC details
000 -LEADER
fixed length control field 00777nam a2200217Ia 4500
003 - CONTROL NUMBER IDENTIFIER
control field IN-BaIIA
008 - FIXED-LENGTH DATA ELEMENTS--GENERAL INFORMATION
fixed length control field 211028s9999 xx 000 0 eng d
020 ## - INTERNATIONAL STANDARD BOOK NUMBER
International Standard Book Number 3-540-64701-5
040 ## - CATALOGING SOURCE
Transcribing agency IIA Library
080 ## - UNIVERSAL DECIMAL CLASSIFICATION NUMBER
Universal Decimal Classification number 524.3(082.2)
Item number STA
111 ## - MAIN ENTRY--MEETING NAME
Meeting name or jurisdiction name as entry element Les Houches School
Location of meeting France
Date of meeting or treaty signing 1996 Sept. 17-27
9 (RLIN) 22738
245 #0 - TITLE STATEMENT
Title Starbursts
Remainder of title proceedings of Les Houches School held in Les Houches, France, 17-27 Sept. 1996
Statement of responsibility, etc. edited by B. Guiderdoni and A. Khembhavi
260 ## - PUBLICATION, DISTRIBUTION, ETC.
Place of publication, distribution, etc. Berlin
Name of publisher, distributor, etc. Springer-Verlag
Date of publication, distribution, etc. 1998
300 ## - PHYSICAL DESCRIPTION
Extent xi, 253p.
490 ## - SERIES STATEMENT
Series statement Centre de physique des Houches series; 9
650 ## - SUBJECT ADDED ENTRY--TOPICAL TERM
Topical term or geographic name entry element Star brusts
9 (RLIN) 22739
650 ## - SUBJECT ADDED ENTRY--TOPICAL TERM
Topical term or geographic name entry element Stellar evolution
700 ## - ADDED ENTRY--PERSONAL NAME
Personal name Guiderdoni, ed.
9 (RLIN) 22740
700 ## - ADDED ENTRY--PERSONAL NAME
Personal name Khembhavi, A., ed.
9 (RLIN) 22741
942 ## - ADDED ENTRY ELEMENTS (KOHA)
Koha item type Books
Holdings
Withdrawn status Lost status Damaged status Not for loan Home library Current library Shelving location Date acquired Source of acquisition Cost, normal purchase price Total Checkouts Full call number Barcode Date last seen Cost, replacement price Price effective from Koha item type Purchase Price
        IIA Library-Bangalore IIA Library-Bangalore General Stacks 15/03/1999 TBH 3366.90   524.3(082.2)/ STA 13870 05/11/2021 3366.90 15/03/1999 Books Rs. 3366.90

Powered by Koha